Lily-Rose Depp Filmography - Statistics

General Stats
  • This quiz has been taken 20 times
    6 since last reset
  • The average score is 10 of 22
Answer Stats
Type Year Name % Correct
Film 2024 Nosferatu
100%
Commercial 2016-Present Chanel
75%
Film 2016 Planetarium
75%
Film 2018 Savage
75%
Film 2019 The King
75%
Film 2021 Voyagers
75%
Film 2026 Werwulf
75%
Film TBA Alpha Gang
50%
Film 2021 Crisis
50%
Film 2021 Silent Night
50%
Film 2016 The Dancer
50%
TV Show 2023 The Idol
50%
Film 2014 Tusk
50%
Film 2016 Yoga Hosers
50%
Film 2018 A Faithful Man
25%
Short Film 2019 My Last Lullaby
25%
Film TBA Outer Dark
25%
Film TBA The Governess
25%
Film 2021 Wolf
25%
Music Video 2023 Double Fantasy
0%
Web Series 2024 Hot Ones Versus
0%
TV Show 2024 Jeopardy!
0%
No matching quizzes found
Score Distribution
Percent of People with Each Score
Percentile by Number Answered
Your Score History
You have not taken this quiz since the last reset